The Oxford History of Music. (Record no. 80200)
[ view plain ]
| 000 -LEADER | |
|---|---|
| campo de control de longitud fija | 00699nam a2200157 i 4500 |
| 001 - NÚMERO DE CONTROL | |
| campo de control | 80200 |
| 003 - IDENTIFICADOR DE NÚMERO DE CONTROL | |
| campo de control | ES-MaACL |
| 005 - FECHA Y HORA DE LA ÚLTIMA TRANSACCIÓN | |
| campo de control | 20230906174147.0 |
| 007 - CAMPO FIJO DE DESCRIPCIÓN FÍSICA--INFORMACIÓN GENERAL | |
| campo de control de longitud fija | t| |
| 008 - DATOS DE LONGITUD FIJA--INFORMACIÓN GENERAL | |
| campo de control de longitud fija | 041026m19011905xxk ||||1| eng d |
| 245 04 - MENCIÓN DEL TÍTULO | |
| Título | The Oxford History of Music. |
| 260 ## - PUBLICACIÓN, DISTRIBUCIÓN, ETC. | |
| Lugar de publicación, distribución, etc. | Oxford : |
| Nombre del editor, distribuidor, etc. | Clarendon Press, |
| Fecha de publicación, distribución, etc. | 1901-1905. |
| 300 ## - DESCRIPCIÓN FÍSICA | |
| Extensión | 6 v. ; |
| Dimensiones | 23 cm. |
| 505 8# - NOTA DE CONTENIDO CON FORMATO | |
| Nota de contenido con formato | Contiene: V. I-II: The Polyphonic period, method of musical art / by H.E. Wooldridge. -- V. III: The music of the seventeenth century / by C. Hubert H. Parry. -- V. IV: The age of Bach & Handel / by J.A. Fuller MAitland. -- V. V: The viennese period / by W.H. Hadow. -- V. VI: The romantic period / By Edward Dannreuther. |
| 852 ## - LOCALIZACIÓN | |
| Ubicación | ES-MaACL |
| Número de control de estantería | C-1162-67 |
| Estatus retirado | Estado de pérdida | Estado de daño | No para préstamo | Biblioteca de origen | Biblioteca actual | Ubicación en estantería | Fecha de adquisición | Fuente de adquisición | Total de préstamos | Signatura topográfica completa | Código de barras | Visto por última vez | Precio de reemplazo | Tipo de ítem Koha |
|---|---|---|---|---|---|---|---|---|---|---|---|---|---|---|
| Biblioteca del Ateneo de Madrid | Biblioteca del Ateneo de Madrid | Sala Palomar | 17/01/2008 | C-1162-67 | 1083853 | 23/02/2023 | 23/02/2023 | Libro impreso antiguo |
